| 000 | 01142cas a2200301 a 4500 | ||
|---|---|---|---|
| 001 | 000045788 | ||
| 003 | DO-SdBNP | ||
| 005 | 20250212111938.0 | ||
| 007 | ta | ||
| 008 | 150512c1901 dr er1p|rd || |0spa d | ||
| 040 |
_aDO-SdBNP _bspa _cBNPHU _erda |
||
| 041 | _hspa | ||
| 043 | _anwdr | ||
| 245 | 0 | 0 |
_aRevista literaria : _bpublicación quincenal de ciencias, artes y letras. |
| 264 |
_aSanto Domingo, República Dominicana : _b[editor no identificado], _c1901. |
||
| 300 |
_avolumen : _bilustraciones, fotografías ; _c30.5 cm. |
||
| 310 | _aQuincenal. | ||
| 336 |
_atexto _btxt _2rdacontent |
||
| 337 |
_asin mediación _bn _2rdamedia |
||
| 338 |
_avolumen _bnc _2rdacarrier |
||
| 362 | 1 | _aInicia con: Año.1, Número 2, (7 de abril, 1901). | |
| 500 | _aDirector: Enrique Deschamps, 1901. | ||
| 505 | 2 | _aEscritores y artistas laureados por el ´´Ateneo de amigos del país´´ | |
| 650 | 0 | 4 |
_aLiteratura _vPublicaciones periódicas _zRepública Dominicana _958834 |
| 650 | 0 | 4 |
_aCiencias _vPublicaciones periódicas _963745 _zRepública Dominicana |
| 700 | 1 |
_aDeschamps, Enrique, _d 1872-1933 _edirector _92573 |
|
| 942 |
_2ddc _cISSUE |
||
| 999 |
_c45277 _d45277 |
||